Studying and working abroad : vol. 3 /

Saved in:
Bibliographic Details
Corporate Author: European Commission (Directorate-General for Education and Culture, Brussels) (Originator)
Format: Book
Language:English
Published: Luxembourg : Office for Official Publications of the European Communities, 2002
Edition:[1st ed.]
Subjects:
ISBN:9289421673
Online Access: Get full text
Tags: Add Tag
No Tags, Be the first to tag this record!

MARC

LEADER 00000nam a2200000 4500
003 SK-BrCVT
005 20220617205157.0
008 020901s2002 lu e ||||||eng d
020 |a 9289421673 
035 |a CVTIDW0964654 
040 |b slo  |a CVTI SR  |e AACR2 
041 0 |a eng 
044 |a lu 
080 |a 378 (1-87)  |2 UDC-MRF 
080 |a 331 (1-87)  |2 UDC-MRF 
110 1 |a European Commission (Directorate-General for Education and Culture, Brussels)  |4 org 
245 1 0 |a Studying and working abroad :  |b vol. 3 /  |c European Commission 
250 |a [1st ed.] 
260 |a Luxembourg :  |b Office for Official Publications of the European Communities,  |c 2002 
300 |a 13 s. :  |b fotogr., obr. ; 
653 1 |a Leonardo da Vinci  |a program  |a vzdelávanie  |a politika zamestnanosti  |a pracovná sila  |a mobilita 
692 |a MU MK ZH 
910 |b DK00073 
919 |a 92-894-2167-3 
959 |a TS0400 
974 |f Knihy 
992 |a AIM 
999 |c 120554  |d 120554